| 000 | 00336nam a2200145Ia 4500 | ||
|---|---|---|---|
| 008 | 230917s9999||||xx |||||||||||||| ||und|| | ||
| 040 |
_e83042 _aMAIN |
||
| 041 | _aEnglish | ||
| 082 | _a515.33 P22D | ||
| 100 | _aPrakash Om | ||
| 245 | 0 | _aDifferential calculus | |
| 260 |
_aNew Delhi _bLaxmi _c2000 |
||
| 300 | _a156 p. | ||
| 942 | _cBK | ||
| 999 |
_c104526 _d104526 |
||